000
00320nam a2200145Ia 4500
100
_a
Korth/ H.F./ Silberschatz/ A
942
_c
BK
654
_a
Database
245
_a
Database Systems Concepts
260
_b
Mc Graw Hill
_a
New york
_c
1996
082
_a
5.74
_b
SIL
300
_a
821
546
_a
ENGLISH
999
_c
20483
_d
20483